| 000 | 00341nam a22001337a 4500 | ||
|---|---|---|---|
| 008 | 170801b xxu||||| |||| 00| 0 eng d | ||
| 020 | _a02590689 | ||
| 041 | _aeng | ||
| 080 | _a004 | ||
| 100 | _a32 | ||
| 101 | _aSHKI | ||
| 245 |
_aEIN PROGRAMMSYSTEM UND FORMALISNMEN FUR DAS WISSENSBASIERTE PROGRAMMIEREN _cZAJICEK, W.A |
||
| 942 |
_2udc _cBK |
||
| 999 |
_c22341 _d22341 |
||